| 000 | 00778nam a2200229 i 4500 | ||
|---|---|---|---|
| 001 | 61780 | ||
| 003 | ES-MaACL | ||
| 005 | 20251003063102.0 | ||
| 007 | t| | ||
| 008 | 031113s1984 sp a |||| | spa d | ||
| 100 | 1 |
_aFarreras Valentí, Pedro, _d1916-1968 _948899 |
|
| 245 | 1 | 0 |
_aMedicina interna / _cfundado por A.V. Domarus, continuado por P. Farreras Valentí. |
| 250 |
_a10ª ed. _bdirigida por Ciril Rozman, Juan García San Miguel. |
||
| 260 |
_aBarcelona : _bMarín, _c1984. |
||
| 300 |
_a2 v., lám. : _bil. ; _c26 cm. |
||
| 650 | 0 | 7 |
_aMedicina interna _2embne _914925 |
| 700 | 1 |
_aDomarus, A. V. _945058 |
|
| 700 | 1 |
_aRozman, C. ( _d1929-) _9100259 |
|
| 700 | 1 |
_aGarcía San Miguel, Juan. _955253 |
|
| 852 |
_aES-MaACL _jL-6214-15 |
||
| 999 |
_c61780 _d61780 |
||